Clash of clans - Statistics

Statistiche generali
  • Questo quiz è stato fatto 96 volte
  • Il punteggio medio è 52 su 157
Statistiche sulle risposte
Risposta % Corretto
Barbaro
94%
Arciere
91%
Drago
87%
Gigante
85%
P.e.k.k.a
83%
Goblin
79%
Golem
79%
Cannone
77%
Regina degli arcieri
77%
Stregone
77%
Mongolfiera
75%
Re barbaro
75%
Sgherro
75%
Drago elettrico
74%
Strega
74%
Domatore di cinghiali
72%
Furia
70%
Municipio
70%
Torre dell'arciere
66%
Mortaio
64%
Spaccamuro
64%
Bomba
62%
Fulmine
62%
Gran sorvegliante
60%
Caserma
58%
Estrattore di elisir
57%
Guaritore
57%
Mina
57%
Torre dello stregone
57%
Torre infernale
57%
Valchiria
55%
Accampamento
53%
Caserma nera
53%
Miniera d'oro
53%
Bocciatore
51%
Guarigione
51%
Salto
51%
Cucciolo di drago
49%
Mastino lavico
49%
Arco-X
47%
Congelamento
47%
Incantesimo Veleno
47%
Muro
45%
Incantesimo Terremoto
43%
Trappola a scatto
43%
Bomba gigante
42%
Capanna del costruttore
42%
Deposito di elisir
42%
Golem di ghiaccio
42%
Incantesimo Scheletri
42%
Artiglieria Aquila
40%
Deposito d'oro
40%
Campionessa reale
38%
Incantesimo Clonazione
38%
Superdrago
38%
Yeti
38%
Fabbrica degli incantesimi
36%
Laboratorio
36%
Minatore
36%
Bomba aerea
34%
Deposito di elisir nero
34%
Superbarbaro
34%
Castello del clan
32%
Difesa aerea
32%
Incantesimo Rapidità
32%
Superarciere
32%
Cacciatrice di eroi
28%
Incantesimo Invisibilità
26%
Sputatronchi
26%
Volanò
26%
Dirigibile
25%
Doppio cannone
25%
Strega notturna
25%
Tesla occulta
25%
Torre bombardiera
25%
Superstrega
23%
Trivella per elisir nero
23%
Cannone a rotelle
21%
Cavalcadraghi
21%
Mina aerea a ricerca
21%
Multimortaio
21%
Scagliapietre
21%
Spaccatutto
21%
Incantesimo Pipistrello
19%
Miniera di gemme
19%
Superbocciatore
19%
Arciere furtivo
17%
Drago infernale
17%
Goblin furtivo
17%
Incantesimo Richiamo
17%
Sgretolamuri
17%
Barbaro furioso
15%
Calorifero
15%
Caserma volante
15%
Scagliafiamme
15%
Supergigante
15%
Supersgherro
15%
Superstregone
15%
Apprendista sorvegliante
13%
Bombarolo
13%
Macchina da guerra
13%
Monolito
13%
Officina
13%
Sganciapietre
13%
Superspaccamuro
13%
Titana delle folgori
13%
Fabbro
11%
Gigante pugile
11%
Megamina
11%
Megatesla
11%
Mongolfiera razzo
11%
Petardi
11%
Sgherro mutante
11%
Sputalava
11%
Superdomatore di cinghiali
11%
Torre dell'orologio
11%
Morsa radicale
9%
Superminatore
9%
Trappola scheletri
9%
Trappola spintone
9%
Trappola tornado
9%
Torre degli incantesimi
8%
Avamposto di O.T.T.O.
6%
Casetta dei famigli
6%
Guardiana delle selve
6%
P.e.k.k.a micidiale
6%
Supervalchiria
6%
Bombe contraeree
4%
Cannone a palle rimbalzanti
4%
Caserma del costruttore
4%
Domatore volante
4%
Elicottero da battaglia
4%
Fabbrica degli incantesimi oscura
4%
Laboratorio stellare
4%
Mastino glaciale
4%
Mongolfiera cimiteriale
4%
Torre dell'arciere evoluta
4%
Campo di rinforzi
2%
Cannone gigante
2%
Posto di guardia
2%
Sala del costruttore
2%
Stregone piroelettrico
2%
Trivella da battaglia
2%
Capanna ristorativa
0%
Laboratorio oscuro
0%
Telecomando di B.O.B.
0%
Nessun quiz corrispondente trovato
Distribuzione punteggi
Percentuale di utenti per punteggio
Percentile per numero di risposta
I tuoi punteggi nel tempo
Non hai fatto questo quiz